000 00897nam a2200253 i 4500
001 bg
100 1 _aNICHOLSON, David W.
245 1 0 _aFinite element analysis :
_bthermomechanics of solids /
_cDavid W. Nicholson.
260 _aBoca Raton [etc.] :
_bCRC,
_c2003.
300 _a[16], 280 s. :
_bil. ;
_c24 cm.
504 _aBibliogr., indeks.
650 9 _aTermosprężystość
_xbadanie
650 9 _aNaprężenia i odkształcenia
_xbadanie
650 9 _aMetoda elementów skończonych
_xstosowanie
_xmechanika
650 9 _aModele matematyczne
_xstosowanie
020 _a084930749X
040 _cBPK
041 0 _aeng
080 _a539.3/.6:536:519.61/.64
920 _a0-8493-0749-X
942 _cKS
008 s pl f |000 0 pol
999 _c44663
_d44663
856 _uhttp://koha.tu.koszalin.pl/cgi-bin/koha/opac-detail.pl?biblionumber=44663
_yKatalog online BPK